Diccionario de términos contables : (Registro nro. 49407)
[ vista simple ]
| 000 -LEADER | |
|---|---|
| fixed length control field | 01200cam a2200301 i 4500 |
| 001 - CONTROL NUMBER | |
| control field | 49407 |
| 003 - CONTROL NUMBER IDENTIFIER | |
| control field | Mx-PuUPA |
| 005 - DATE AND TIME OF LATEST TRANSACTION | |
| control field | 20250627121910.0 |
| 008 - FIXED-LENGTH DATA ELEMENTS--GENERAL INFORMATION | |
| fixed length control field | 140415s2000 mx frd 001 0 eng d |
| 020 ## - INTERNATIONAL STANDARD BOOK NUMBER | |
| International Standard Book Number | 9702400619 |
| Qualifying information | pasta dura |
| 040 ## - CATALOGING SOURCE | |
| Original cataloging agency | Mx-PuUPA |
| Language of cataloging | spa |
| Transcribing agency | Mx-PuUPA |
| Modifying agency | Mx-PuUPA |
| Description conventions | rda |
| 041 1# - LANGUAGE CODE | |
| Language code of text/sound track or separate title | esp |
| Language code of original | eng |
| 100 1# - MAIN ENTRY--PERSONAL NAME | |
| Personal name | Blanes Prieto, Joaquín, |
| Relator term | autor |
| 9 (RLIN) | 8244 |
| 245 10 - TITLE STATEMENT | |
| Title | Diccionario de términos contables : |
| Remainder of title | inglés-español español-inglés = Dictionary of accounting terms : english-spanish and spanish-english / |
| Statement of responsibility, etc. | Joaquín Blanes Prieto |
| 246 31 - VARYING FORM OF TITLE | |
| Title proper/short title | Dictionary of accounting terms : |
| Remainder of title | english-spanish and spanish-english |
| 250 ## - EDITION STATEMENT | |
| Edition statement | Cuarta edición |
| 264 #4 - PRODUCTION, PUBLICATION, DISTRIBUTION, MANUFACTURE, AND COPYRIGHT NOTICE | |
| Place of production, publication, distribution, manufacture | México D.F. : |
| Name of producer, publisher, distributor, manufacturer | Compañía Editorial Continental, |
| Date of production, publication, distribution, manufacture, or copyright notice | ©2000 |
| 300 ## - PHYSICAL DESCRIPTION | |
| Extent | 354 páginas ; |
| Dimensions | 24 cm |
| 336 ## - CONTENT TYPE | |
| Fuente | rdacontent |
| Content type term | texto |
| Content type code | txt |
| 337 ## - MEDIA TYPE | |
| Source | rdamedia |
| Media type term | sin medio |
| Media type code | n |
| 338 ## - CARRIER TYPE | |
| Source | rdacarrier |
| Carrier type term | volumen |
| Carrier type code | nc |
| 650 #7 - SUBJECT ADDED ENTRY--TOPICAL TERM | |
| Topical term or geographic name entry element | Contabilidad |
| Form subdivision | Diccionarios y enciclopedias |
| Source of heading or term | armarc |
| 650 #7 - SUBJECT ADDED ENTRY--TOPICAL TERM | |
| Topical term or geographic name entry element | Terminología financiera |
| Source of heading or term | armarc |
| 942 ## - ADDED ENTRY ELEMENTS (KOHA) | |
| Source of classification or shelving scheme | Dewey Decimal Classification |
| Koha item type | Libro |
| Item part | B627 |
| Call number prefix | B627 |
| Classification part | 657.03 |
| Withdrawn status | Lost status | Source of classification or shelving scheme | Damaged status | Not for loan | Collection code | Home library | Current library | Shelving location | Date acquired | Source of acquisition | Total Checkouts | Full call number | Barcode | Date last seen | Copy number | Price effective from | Koha item type |
|---|---|---|---|---|---|---|---|---|---|---|---|---|---|---|---|---|---|
| Dewey Decimal Classification | Referencia | Biblioteca Karol Wojtyla | Biblioteca Karol Wojtyla | Área de silencio | 03/12/2013 | Donación | 657.03 B627 2000 | 64128 | 05/01/2026 | Ej.2 | 03/12/2013 | Libro R | |||||
| Dewey Decimal Classification | Referencia | Biblioteca Karol Wojtyla | Biblioteca Karol Wojtyla | Área de silencio | 03/12/2013 | Compra | 657.03 B627 2000 | 73868 | 05/01/2026 | 20/07/2015 | Libro R |